00438nam a22001457a 450000500170000001000210001702000260003803700220006408200120008610000170009824500670011526000320018227000540021430000240026820180702171102.0 a1718EN-30  a9788129142115c595.00 bPansy Books adpl a338.092 aSomany, R.K. aBringing the rainbow :cby R.K. Somany bthe hindware story /  aNew DelhibRupa Pub. c2016 a7/16, Ansari Road, Daryaganj, bNew Delhie110002v axii,201p.c23cm(Hb)